| 000 | 00000nam 2200000zi 4500 |
| 001 | 9.941106 |
| 003 | CaOODSP |
| 005 | 20250107144100 |
| 006 | m o d f |
| 007 | cr mn||||||||| |
| 008 | 240726t20242024oncd obs f000 0 eng d |
| 040 | |aCaOODSP|beng|erda|cCaOODSP |
| 043 | |an-cn--- |
| 086 | 1 |aCS14-28-0001/2024-1-4E-PDF |
| 245 | 00|aEmployability, 2023. |
| 264 | 1|a[Ottawa] : |bStatistics Canada = Statistique Canada, |c2024. |
| 264 | 4|c©2024 |
| 300 | |a1 online resource (3 pages) : |bgraphs. |
| 336 | |atext|btxt|2rdacontent |
| 337 | |acomputer|bc|2rdamedia |
| 338 | |aonline resource|bcr|2rdacarrier |
| 490 | 1 |aQuality of employment in Canada, |x2818-1247 |
| 500 | |aCover title. |
| 500 | |a"Release date: July 25, 2024." |
| 500 | |aIssued also in French under title: L'employabilité, 2023. |
| 504 | |aIncludes bibliographical references. |
| 520 | |a"In November 2023, nearly half (49.0%) of paid employees believed that it would be easy for them to find a job of a similar salary if they lost or quit their current job. In comparison, 30.1% of employees felt less secure about their employability, and disagreed that it would be easy to find a job at the same rate of pay if they lost or quit their current one"--Page 1. |
| 650 | 0|aEmployability|zCanada|vStatistics. |
| 650 | 0|aQuality of work life|zCanada|vStatistics. |
| 655 | 7|aStatistics|2lcgft |
| 710 | 2 |aStatistics Canada, |eissuing body. |
| 775 | 08|tL'employabilité, 2023.|w(CaOODSP)9.941107 |
| 830 | #0|aQuality of employment in Canada,|x2818-1247|w(CaOODSP)9.940413 |
| 856 | 40|qPDF|s217 KB|uhttps://publications.gc.ca/collections/collection_2024/statcan/14-28-0001/CS14-28-0001-2024-1-4-eng.pdf |
| 856 | 4 |qHTML|sN/A|uhttps://www150.statcan.gc.ca/n1/pub/14-28-0001/2024001/article/00004-eng.htm |
| 986 | |a14-28-0001 |